Normal view
MARC view
- Bates, Juliet
Entry Personal Name
001 - CONTROL NUMBER
- control field: 97510
003 - CONTROL NUMBER IDENTIFIER
- control field: NUST
005 - DATE AND TIME OF LATEST TRANSACTION
- control field: 20220816173636.0
008 - FIXED-LENGTH DATA ELEMENTS
- fixed length control field: 220816|| aca||aabn | a|a d
040 ## - CATALOGING SOURCE
- Original cataloging agency: NUST
- Transcribing agency: NUST
100 ## - HEADING--PERSONAL NAME
- Personal name: Bates, Juliet
670 ## - SOURCE DATA FOUND
- Source citation: Work cat.: (NUST)175839: Bates, Juliet., Optimizing voice in ATM/IP mobile networks /, c2002.
